000 00610cam a22002411 4500
001 sa 65000930
003 DLC
005 20260227112106.0
008 950531s1962 ii c 000 0 urdo
010 _asa 65000930
025 _aPL480:I-U-283
035 _a(OCoLC)32578714
040 _aDLC
_cCU
_dCU
_dDLC
042 _apremarc
050 0 0 _aPK2184
_b.P3
100 1 _aPanḍit, Prakāsh,
_d1924-
245 1 0 _aĀj ke shāʻir aur unkī shāʻirī.
260 _c[1962?]
300 _a172 p.
_bports.
_c17 cm.
500 _aIn Urdu.
500 _aText partially vocalized.
650 0 _aUrdu poetry.
999 _c61818
_d61818